Jaksollisenjärjestelmän alkuaineiden tunnukset - Statistics

Yleistilastot
  • Tätä visaa on pelattu 40 kertaa
  • Keskiarvotulos 91 / 118
Vastaustilastot
Hint Vastaus % Oikein
5 Boori B
100%
6 Hiili C
100%
29 Kupari Cu
100%
9 Fluori F
100%
1 Vety H
100%
2 Helium He
100%
19 Kalium K
100%
3 Litium Li
100%
12 Magnesium Mg
100%
7 Typpi N
100%
8 Happi O
100%
15 Fosfori P
100%
16 Rikki S
100%
18 Argon Ar
97%
35 Bromi Br
97%
20 Kalsium Ca
97%
53 Jodi I
97%
11 Natrium Na
97%
10 Neon Ne
97%
34 Seleeni Se
97%
92 Uraani U
97%
23 Vanadiini V
97%
39 Yttrium y
97%
13 Alumiini Al
93%
4 Beryllium Be
93%
24 Kromi Cr
93%
31 Gallium Ga
93%
36 Krypton Kr
93%
28 Nikkeli Ni
93%
47 Hopea Ag
90%
33 Arseeni As
90%
79 Kulta Au
90%
26 Rauta Fe
90%
32 Germanium Ge
90%
88 Radium Ra
90%
44 Rutenium Ru
90%
52 Telluuri Te
90%
22 Titaani Ti
90%
17 Kloori Cl
87%
42 Molybdeeni Mo
87%
37 Rubidium Rb
87%
14 Pii Si
87%
30 Sinkki Zn
87%
58 Cerium Ce
83%
25 Mangaani Mn
83%
82 Lyijy Pb
83%
38 Strontium Sr
83%
27 Koboltti Co
80%
68 Erbium Er
80%
71 Lutetium Lu
80%
41 Niobium Nb
80%
76 Osmium Os
80%
59 Praseodyymi Pr
80%
75 Renium Re
80%
56 Barium Ba
77%
87 Frankium Fr
77%
57 Lantaani La
77%
102 Nobelium No
77%
84 Polonium Po
77%
50 Tina Sn
77%
73 Tantaali Ta
77%
69 Tulium Tm
77%
40 Zirkonium Zr
77%
85 Astatiini At
73%
66 Dysprosium Dy
73%
72 Hafnium Hf
73%
67 Holmium Ho
73%
49 Indium In
73%
77 Iridium Ir
73%
94 Plutonium Pu
73%
86 Radon Rn
73%
62 Samarium Sm
73%
95 Amerikium Am
70%
55 Cesium Cs
70%
63 Europium Eu
70%
114 Flerovium Fl
70%
80 Elohopea Hg
70%
60 Neodyymi Nd
70%
118 Oganesson Og
70%
78 Platina Pt
70%
65 Terbium Tb
70%
96 Curium Cm
67%
64 Gadolinium Gd
67%
93 Neptunium Np
67%
91 Protaktinium Pa
67%
81 Tallium Tl
67%
70 Ytterbium Yb
67%
105 Dubnium Db
63%
115 Moscovium Mc
63%
101 Mendelevium Md
63%
46 Palladium Pd
63%
61 Prometium Pm
63%
51 Antimoni Sb
63%
106 Seaborgium Sg
63%
117 Tennessiini Ts
63%
74 Volframi W
63%
54 Ksenon Xe
63%
107 Bohrium Bh
60%
97 Berkelium Bk
60%
48 Kadmium Cd
60%
98 Kalifornium Cf
60%
21 Skandium Sc
60%
110 Darmstadtium Ds
57%
100 Fermium Fm
57%
108 Hassium Hs
57%
103 Lawrencium Lr
57%
116 Livermorium Lv
57%
109 Meitnerium Mt
57%
113 Nihonium Nh
57%
104 Rutherfordium Rf
57%
111 Röntgenium Rg
57%
43 Teknetium Tc
53%
89 Aktinium Ac
50%
112 Kopernikium Cn
50%
99 Einsteinium Es
50%
45 Rodium Rh
43%
83 Vismutti Bi
37%
90 Torium Th
33%
Ehtoja vastaavia visoja ei löytynyt
Tulosjakauma
Jokaisen tuloksen saaneiden osuus
Persentiili vastausten määrän mukaan
Tuloshistoriasi
Et ole pelannut tätä visaa